La mala educación: ideas que inspiran al movimiento estudiantil en Chile
Uloženo v:
| Hlavní autor: | |
|---|---|
| Médium: | Kniha |
| Jazyk: | španělština |
| Vydáno: |
Santiago
Catalonia
2012
|
| Vydání: | 1a. ed |
| Témata: | |
| Tagy: |
Přidat tag
Žádné tagy, Buďte první, kdo vytvoří štítek k tomuto záznamu!
|
MARC
| LEADER | 00000cam a2200000 a 4500 | ||
|---|---|---|---|
| 001 | UCF2383 | ||
| 003 | CL-VaPUC | ||
| 008 | 120817e20120500CL |||||||||||||||||spa|d | ||
| 020 | |a 9789563241143 | ||
| 082 | 0 | 4 | |a 362.23 |b ATR |2 21 |
| 100 | |a Atria Lemaitre, Fernando |e author |9 525444 | ||
| 245 | 1 | 3 | |a La mala educación: ideas que inspiran al movimiento estudiantil en Chile |
| 250 | |a 1a. ed | ||
| 300 | |a 184 p | ||
| 942 | |c BK | ||
| 945 | |d 20120817 00:00:00 |a dcastane | ||
| 260 | |a Santiago |b Catalonia |c 2012 | ||
| 650 | 0 | |a Problemas sociales |9 258537 | |
| 650 | 7 | |a MOVIMIENTO ESTUDIANTIL |2 CL-VaPUC |9 527017 | |
| 650 | 7 | |a ESTUDIANTES SECUNDARIOS |2 CL-VaPUC |9 563543 | |
| 651 | 7 | |a CHILE |2 CL-VaPUC |9 563995 | |
| 583 | |a last modification |c 20120817 11:35:00 |k Rodrigo Vera | ||
| 999 | |c 348948 |d 348946 | ||
| 952 | |0 0 |1 0 |4 0 |6 362_230000000000000_ATR_2012 |7 0 |8 A |9 451280 |a BIBGIM |b BIBGIM |d 2019-11-22 |i 4894219 |l 2 |m 2 |o 362.23 ATR 2012 |p 4894219 |r 2025-01-15 |s 2023-05-19 |w 2019-11-22 |y BK |k SSL | ||
| 952 | |0 0 |1 0 |4 0 |6 362_230000000000000_ATR_2012 |7 0 |8 A |9 451281 |a BIBGIM |b BIBGIM |d 2019-11-22 |i 4894227 |o 362.23 ATR 2012 |p 4894227 |r 2025-01-15 |w 2019-11-22 |y BK |k SSL | ||